000 00989cab a2200277 4500
001 ABS51945
008 090401t1994 xxu||||| |||| 00| 0 eng d
035 _a(Sirsi) u52157
041 _aeng
100 _aAllen, C.
245 _aMismatch in the housing market
260 _c1994
350 _a0
490 _aUrban Studies
_v31(9) November 1994, 1451-1463(13)
520 _aPresents an economic model of the rise of mortgage arrears and possessions and estimates that an additional 300,000 households will exit the owner-occupier market between 1990 and 1996, creating a mismatch of unsold empty property and growing queues for property from local authorities and housing associations. (Journal abstract)
650 _aHOUSING ASSOCIATIONS
650 _aMORTGAGE ARREARS
650 _aMORTGAGES
650 _aOWNER-OCCUPIERS
650 _aREPOSSESSIONS
650 _aSOCIAL HOUSING
690 _aHOUSING
700 _aMilne, A.
942 _n0
948 _c04/03/1997
999 _c32356
_d32356